000 00509nam a2200193Ia 4500
003 GCL
008 140319s9999 xx 000 0 ara d
040 _aGCL /
_cGCL
082 0 4 _a001.4
_bا ك
100 1 _aاميل يعقوب
245 1 0 _aكيف تكتب بحثا او منهجية البحث /
_cاميل يعقوب
300 _a191 ص
490 _a
650 0 4 _aطرق البحث
650 0 4 _aالبحث
650 0 4 _aالمنهجية
650 0 4 _aالمسح العلمى
942 _2ddc
_cBK
999 _c48238
_d48238